UM Logo

Coordinates adapted to vector fields II : (Record no. 17954)

MARC details
000 -LEADER
fixed length control field 00657nam a22001937a 4500
003 - CONTROL NUMBER IDENTIFIER
control field OSt
005 - DATE AND TIME OF LATEST TRANSACTION
control field 20231027135024.0
008 - FIXED-LENGTH DATA ELEMENTS--GENERAL INFORMATION
fixed length control field 230207b ||||| |||| 00| 0 eng d
040 ## - CATALOGING SOURCE
Transcribing agency 0
082 ## - DEWEY DECIMAL CLASSIFICATION NUMBER
Classification number DPer 510.5 Am351 October - December 2021 v143 no. 5-6
100 ## - MAIN ENTRY--PERSONAL NAME
Personal name Street, Brian.
Relator term author.
9 (RLIN) 47832
245 ## - TITLE STATEMENT
Title Coordinates adapted to vector fields II :
Remainder of title sharp results /
Statement of responsibility, etc. Brian Street
260 ## - PUBLICATION, DISTRIBUTION, ETC. (IMPRINT)
Place of publication, distribution, etc. Baltimore, Maryland U.S.,
Name of publisher, distributor, etc. Johns Hopkins University Press,
Date of publication, distribution, etc. December 2021.
300 ## - PHYSICAL DESCRIPTION
Extent volume 143, pages 1791-1840.
650 ## - SUBJECT ADDED ENTRY--TOPICAL TERM
Topical term or geographic name as entry element Mathematics.
9 (RLIN) 47833
650 ## - SUBJECT ADDED ENTRY--TOPICAL TERM
Topical term or geographic name as entry element Functions.
9 (RLIN) 47834
700 ## - ADDED ENTRY--PERSONAL NAME
Personal name Street, Brian.
Relator term author.
9 (RLIN) 47832
942 ## - ADDED ENTRY ELEMENTS (KOHA)
Source of classification or shelving scheme Dewey Decimal Classification
Koha item type Periodicals
Holdings
Withdrawn status Lost status Source of classification or shelving scheme Damaged status Not for loan Collection code Home library Current library Date acquired Total Checkouts Full call number Date last seen Price effective from Koha item type Public note
    Dewey Decimal Classification     Periodicals UM Digos College - LIC UM Digos College - LIC 02/07/2023   DPer 510.5 Am351 October - December 2021 v143 no. 5-6 02/07/2023 02/07/2023 Periodicals Periodical article